Manejo y conservación de tierras privadas (Registro nro. 2369)
[ vista simple ]
| 000 -CABECERA | |
|---|---|
| Campo de control | 00774nam a2200229 a 4500 |
| 005 - FECHA Y HORA DE LA ULTIMA TRANSACCION | |
| Campo de control | 20200104041531.0 |
| 008 - ELEMENTOS DE LONGITUD FIJA—INFORMACION GENERAL | |
| Campo de control | 160122b ck a gr|||| 00| 0 spa d |
| 040 ## - FUENTE DE CATALOGACIÓN | |
| Agencia catalogadora original | CO-BoIAVH |
| Agencia transcriptora | CO-BoIAVH |
| 041 ## - IDIOMA | |
| Código de idioma para texto/pista de sonido o título separado | Español |
| 082 #4 - NUMERO DE CLASIFICACION DECIMAL DEWEY | |
| Número de clasificación | 333.9516079 |
| Número del ítem | P67e |
| 100 1# - ASIENTO PRINCIPAL--NOMBRE PERSONAL | |
| Nombre personal | Piskulich, Zdenka |
| 9 (RLIN) | 54049 |
| 245 1# - MENCION DE TITULO | |
| Título | Manejo y conservación de tierras privadas |
| Parte restante del título | una guía para las organizaciones |
| 260 ## - PUBLICACION, DISTRIBUCION, ETC. (PIE DE IMPRENTA) | |
| Lugar de publicación, distribución, etc. | Arlington |
| Nombre del editor, distribuidor, etc. | Nature Conservancy |
| Fecha de publicación, distribución, etc. | 2001 |
| 300 ## - DESCRIPCION FISICA | |
| Extensión | 37 paginas |
| Dimensiones | 28 x 23 cm. |
| 650 #4 - ASIENTO SECUNDARIO DE MATERIA - TERMINO TEMATICO | |
| Término temático o nombre geográfico como elemento de entrada | Reservas naturales de la sociedad civil |
| 9 (RLIN) | 11141 |
| 650 #4 - ASIENTO SECUNDARIO DE MATERIA - TERMINO TEMATICO | |
| Término temático o nombre geográfico como elemento de entrada | Manejo de recursos |
| 9 (RLIN) | 3533 |
| 650 #4 - ASIENTO SECUNDARIO DE MATERIA - TERMINO TEMATICO | |
| Término temático o nombre geográfico como elemento de entrada | Conservación de biodiversidad |
| 9 (RLIN) | 345 |
| 650 #4 - ASIENTO SECUNDARIO DE MATERIA - TERMINO TEMATICO | |
| Término temático o nombre geográfico como elemento de entrada | Conservación de ecosistemas |
| 9 (RLIN) | 54051 |
| 650 #4 - ASIENTO SECUNDARIO DE MATERIA - TERMINO TEMATICO | |
| Término temático o nombre geográfico como elemento de entrada | Manual de procedimientos |
| 9 (RLIN) | 14547 |
| 650 #4 - ASIENTO SECUNDARIO DE MATERIA - TERMINO TEMATICO | |
| Término temático o nombre geográfico como elemento de entrada | Legislación |
| 9 (RLIN) | 54052 |
| 942 ## - ELEMENTOS ADICIONALES (KOHA) | |
| Tipo de ítem | Libro |
| Sistema de clasificación | Dewey Decimal Classification |
| Withdrawn status | Lost status | Sistema de Clasificación | Damaged status | No para préstamo | Colección | Inventariado | Ubicación Permanente | Ubicación actual | Fecha de adquisición | Fuente de Valor | Valor | Total Checkouts | Número topográfico | Inventario / Código de Barras | Date last seen | Ejemplar | Price effective from | Tipo de material |
|---|---|---|---|---|---|---|---|---|---|---|---|---|---|---|---|---|---|---|
| Dewey Decimal Classification | General | Inventariado 2017 | Bogotá | Bogotá | 26/06/2001 | Instituto | 39000.00 | LB-333.9516079 P67e | 002930 | 04/12/2012 | Ej. 1 | 04/12/2012 | Libro |